[Event "Doha 2006"]
[Site "Doha"]
[Date "2006.12.06"]
[Round "1"]
[White "Batchuluun Cegmed (MGL)"]
[Black "Sasikiran Krishnan (IND)"]
[Result "0-1"]
[WhiteElo "2404"]
[BlackElo "2675"]
[PlyCount "70"]
[EventDate "2006.??.??"]
[WhiteTeam "Mongolei"]
[BlackTeam "Indien"]
[WhiteTeamCountry "MGL"]
[BlackTeamCountry "IND"]

1. d4 Nf6 2. c4 g6 3. Nc3 d5 4. Nf3 Bg7 5. Qb3 dxc4 6. Qxc4 O-O 7. e4 Na6 8.
Be2 c5 9. d5 e6 10. O-O exd5 11. exd5 Bf5 12. Bf4 Re8 13. Rad1 Nd7 14. Rd2 Nb6
15. Qb3 c4 16. Bxc4 Nc5 17. Qb4 Nxc4 18. Qxc4 Rc8 19. Bg5 Qd7 20. Qb4 Ne4 21.
Nxe4 Rxe4 22. Qb3 a5 23. Be3 Rg4 24. Nd4 {Diagram #} Rxg2+ 25. Kxg2 Bh3+ 26.
Kh1 Bxf1 27. f3 Bc4 28. Qd1 Re8 29. b3 Ba6 30. Nc2 Bc3 31. Rf2 Rd8 32. Qg1 Qxd5
33. Bb6 Re8 34. Ne3 Qc6 35. Qc1 Qxb6 0-1

[Event "Doha 2006"]
[Site "Doha"]
[Date "2006.12.06"]
[Round "1"]
[White "(MGL) Mongontuul Bathuyag"]
[Black "(IND) Koneru Humpy"]
[Result "0-1"]
[WhiteElo "2383"]
[BlackElo "2545"]
[PlyCount "68"]
[EventDate "2006.??.??"]
[WhiteTeam "Mongolei"]
[BlackTeam "Indien"]
[WhiteTeamCountry "MGL"]
[BlackTeamCountry "IND"]

1. e4 g6 2. d4 Bg7 3. Nc3 d6 4. Be3 a6 5. f4 b5 6. a3 Bb7 7. Nf3 Nd7 8. Be2 e6
9. O-O Ne7 10. Kh1 O-O 11. Qe1 c5 12. dxc5 dxc5 13. e5 Nf5 14. Bg1 f6 15. exf6
Qxf6 16. Bd3 Qe7 17. Ng5 Rae8 18. Rd1 Nf6 19. a4 c4 20. Be4 Nxe4 21. Ncxe4 Bxe4
22. Qxe4 h6 23. Nf3 Rd8 24. Qc6 Rd6 25. Rxd6 Qxd6 26. axb5 axb5 27. Qxb5 Qxf4
28. Qd7 e5 29. Qd5+ Kh7 30. Nd2 Qg4 31. Re1 Qh4 32. g3 Nxg3+ 33. Kg2 Ne2 34.
Nf3 Qxe1 0-1

[Event "Doha 2006"]
[Site "Doha"]
[Date "2006.12.06"]
[Round "1"]
[White "(CHN) Bu Xiangzhi"]
[Black "(SYR) Hakki Imad"]
[Result "1-0"]
[WhiteElo "2671"]
[BlackElo "2447"]
[PlyCount "75"]
[EventDate "2006.??.??"]
[WhiteTeam "China"]
[BlackTeam "Syrien"]
[WhiteTeamCountry "CHN"]
[BlackTeamCountry "SYR"]

1. Nf3 Nf6 2. c4 g6 3. g3 Bg7 4. Bg2 O-O 5. O-O d6 6. d4 Nc6 7. Nc3 Bf5 8. b3
Ne4 9. Bb2 Nxc3 10. Bxc3 Be4 11. Qd2 d5 12. Rfd1 e6 13. Rac1 Re8 14. h3 Qe7 15.
e3 Red8 16. Qe2 a6 17. Bb2 a5 18. Bf1 g5 19. Nd2 Bg6 20. a3 Na7 21. Bg2 c6 22.
e4 dxe4 23. Nxe4 Nc8 24. Kh2 Nd6 25. Nd2 c5 26. Nf3 cxd4 27. Bxd4 Bxd4 28. Nxd4
Nf5 29. Nxf5 Bxf5 30. Qe3 h6 31. c5 Rac8 32. b4 axb4 33. axb4 b6 34. cxb6 Rxc1
35. Qxc1 Rxd1 36. Qxd1 Qxb4 37. Qd8+ Kg7 38. b7 1-0

[Event "Doha 2006"]
[Site "Doha"]
[Date "2006.12.06"]
[Round "1"]
[White "(SYR) Bakr Jwan"]
[Black "(CHN) Wang Yue"]
[Result "0-1"]
[WhiteElo "2335"]
[BlackElo "2644"]
[PlyCount "70"]
[EventDate "2006.??.??"]
[WhiteTeam "Syrien"]
[BlackTeam "China"]
[WhiteTeamCountry "SYR"]
[BlackTeamCountry "CHN"]

1. e4 c5 2. Nf3 d6 3. d4 cxd4 4. Nxd4 Nf6 5. Nc3 a6 6. Be2 e5 7. Nb3 Be7 8. O-O
O-O 9. Be3 Be6 10. a4 Nbd7 11. f3 Nb6 12. a5 Nc4 13. Bxc4 Bxc4 14. Rf2 Qc7 15.
Rd2 h6 16. Nc1 Rac8 17. Nd3 d5 18. Bb6 Qb8 19. exd5 Nxd5 20. Nxd5 Bxd5 21. b4
Rfe8 22. Nc5 Bc6 23. c4 e4 24. fxe4 Qf4 25. Rf2 Qe5 26. Ra3 Bxc5 27. Bxc5 Bxe4
28. Rg3 Rcd8 29. Rd2 Rxd2 30. Qxd2 Qa1+ 31. Kf2 Qf6+ 32. Kg1 Rd8 33. Qe1 Qb2
34. h3 f5 35. Qe3 Rd2 0-1

[Event "Doha 2006"]
[Site "Doha"]
[Date "2006.12.06"]
[Round "1"]
[White "(CHN) Zhao Xue"]
[Black "(SYR) Mir Mahmoud Afamia"]
[Result "1-0"]
[WhiteElo "2467"]
[BlackElo "1983"]
[PlyCount "75"]
[EventDate "2006.??.??"]
[WhiteTeam "China"]
[BlackTeam "Syrien"]
[WhiteTeamCountry "CHN"]
[BlackTeamCountry "SYR"]

1. d4 d5 2. c4 e6 3. Nc3 Be7 4. Nf3 Nf6 5. Bg5 O-O 6. Qc2 b6 7. e3 Bb7 8. Rd1
h6 9. Bh4 Nbd7 10. Be2 c5 11. dxc5 bxc5 12. O-O Qb6 13. Rd2 Rfe8 14. Rfd1 a6
15. h3 Rad8 16. cxd5 exd5 17. Ne1 Qc7 18. Bf3 Nb6 19. Bxf6 Bxf6 20. Nxd5 Nxd5
21. Bxd5 Bxd5 22. Rxd5 Rxd5 23. Rxd5 Qa5 24. b4 Qxb4 25. Nd3 Qa3 26. Rxc5 Rd8
27. Rc8 Qd6 28. Rxd8+ Qxd8 29. Qc4 Qd6 30. g3 Qb6 31. Nb4 a5 32. Nd5 Qb1+ 33.
Kg2 Be5 34. Qc8+ Kh7 35. Ne7 h5 36. Qg8+ Kh6 37. Qxf7 Qb7+ 38. Kh2 1-0

[Event "Doha 2006"]
[Site "Doha"]
[Date "2006.12.06"]
[Round "1"]
[White "(JOR) Samhouri Ahmed"]
[Black "(QAT) Al-Modiahki Mohamad"]
[Result "0-1"]
[WhiteElo "2322"]
[BlackElo "2550"]
[PlyCount "200"]
[EventDate "2006.??.??"]
[WhiteTeam "Jordanien"]
[BlackTeam "Qatar"]
[WhiteTeamCountry "JOR"]
[BlackTeamCountry "QAT"]

1. d4 Nf6 2. Nf3 e6 3. c4 c5 4. d5 exd5 5. cxd5 g6 6. Nc3 d6 7. e4 Bg4 8. h3
Bxf3 9. Qxf3 a6 10. a4 Bg7 11. Be2 O-O 12. O-O Qe7 13. Bf4 Nbd7 14. Rfe1 Nh5
15. Bh2 Bd4 16. g4 Nhf6 17. Bf1 Rae8 18. Bg2 h5 19. Qg3 Ne5 20. g5 h4 21. Qxh4
Nh5 22. Ne2 Bxb2 23. Rab1 Nd3 24. Red1 c4 25. Rxd3 cxd3 26. Rxb2 dxe2 27. Rxe2
Rc8 28. Bf3 Ng7 29. e5 Nf5 30. Qf4 dxe5 31. Rxe5 Qa3 32. Rxf5 gxf5 33. Qxf5
Qa1+ 34. Kg2 Qg7 35. d6 Qg6 36. Qxg6+ fxg6 37. Bxb7 Rc2 38. Bg3 a5 39. Be4 Rc5
40. Bxg6 Rxg5 41. Bd3 Rd8 42. Kf3 Rxg3+ 43. fxg3 Rxd6 44. Bb5 Rd4 45. Bc6 Kg7
46. Ke3 Rb4 47. Kf3 Kf6 48. h4 Ke5 49. Bd7 Rd4 50. Bb5 Rd8 51. Bc6 Rd6 52. Bb5
Kf5 53. Bc4 Rd4 54. Bb5 Ke5 55. Bc6 Rb4 56. Bd7 Kd6 57. Be8 Rb8 58. Bg6 Rb3+
59. Kf2 Ke5 60. Be8 Rc3 61. Bg6 Rc4 62. Be8 Kf5 63. h5 Kg5 64. Ke3 Rc8 65. Bd7
Rd8 66. Bb5 Kxh5 67. Ke4 Kg4 68. Bc6 Kxg3 69. Bd5 Kf2 70. Kd4 Rc8 71. Bc4 Ke1
72. Kc3 Rc7 73. Kb3 Kd2 74. Bb5 Rc1 75. Kb2 Rc3 76. Ba6 Rc7 77. Bb5 Ke3 78. Kb3
Kd4 79. Ka3 Kc3 80. Ka2 Rg7 81. Ka3 Rg1 82. Ka2 Kb4 83. Kb2 Rg2+ 84. Kc1 Kc3
85. Kb1 Kb3 86. Kc1 Rc2+ 87. Kd1 Kc3 88. Ke1 Rd2 89. Kf1 Kd4 90. Ke1 Ke3 91.
Kf1 Rh2 92. Bc6 Rf2+ 93. Kg1 Rc2 94. Bb5 Kf3 95. Ba6 Rf2 96. Bb5 Kg3 97. Ba6
Ra2 98. Kf1 Rxa4 99. Ke2 Rd4 100. Ke3 Rd8 0-1

[Event "Doha 2006"]
[Site "Doha"]
[Date "2006.12.06"]
[Round "1"]
[White "(QAT) Al Sayed Mohamad N"]
[Black "(JOR) Rimawi B  T"]
[Result "1-0"]
[WhiteElo "2486"]
[BlackElo "2308"]
[PlyCount "79"]
[EventDate "2006.??.??"]
[WhiteTeam "Qatar"]
[BlackTeam "Jordanien"]
[WhiteTeamCountry "QAT"]
[BlackTeamCountry "JOR"]

1. e4 e5 2. Nf3 Nc6 3. Bb5 a6 4. Ba4 Nf6 5. O-O Be7 6. Re1 b5 7. Bb3 d6 8. c3
O-O 9. h3 Na5 10. Bc2 c5 11. d4 Qc7 12. Nbd2 cxd4 13. cxd4 Nc6 14. Nb3 a5 15.
Be3 a4 16. Nbd2 Bd7 17. Rc1 Qb7 18. Nf1 Rfe8 19. Ng3 h6 20. Qe2 Bd8 21. Red1 b4
22. dxe5 dxe5 23. Nh4 Bb6 24. Nhf5 Bxe3 25. Qxe3 Bxf5 26. Nxf5 Re6 27. Bb1 Qa7
28. Qg3 Ne8 29. Rd5 Rc8 30. Bd3 Kh7 31. Rdc5 g6 32. Ne3 Rd8 33. Nd5 Nd4 34. Qh4
Red6 35. Rc7 Nxc7 36. Rxc7 Qxc7 37. Nxc7 Nf3+ 38. gxf3 Rxd3 39. Qf6 R8d7 40.
Ne8 1-0

[Event "Doha 2006"]
[Site "Doha"]
[Date "2006.12.06"]
[Round "1"]
[White "(KAZ) Kazhgaleyev Murtas"]
[Black "(UAE) Taleb Moussa"]
[Result "1/2-1/2"]
[WhiteElo "2609"]
[BlackElo "2365"]
[PlyCount "81"]
[EventDate "2006.??.??"]
[WhiteTeam "Kazakhstan"]
[BlackTeam "United Arab Emirates"]
[WhiteTeamCountry "KAZ"]
[BlackTeamCountry "UAE"]

1. e4 c5 2. Nf3 Nc6 3. d4 cxd4 4. Nxd4 Nf6 5. Nc3 e5 6. Ndb5 d6 7. Nd5 Nxd5 8.
exd5 Nb8 9. c4 a6 10. Nc3 Be7 11. Be2 O-O 12. O-O Bf5 13. Be3 Nd7 14. b4 Rc8
15. Rc1 e4 16. Na4 a5 17. a3 axb4 18. axb4 b6 19. Qd2 Bf6 20. Rfd1 Ra8 21. Nc3
Ne5 22. Nb5 Bg4 23. Bxg4 Nxg4 24. Bf4 Be5 25. h3 Qf6 26. Bg5 e3 27. Bxe3 Nxe3
28. fxe3 Qg5 29. Nd4 Ra3 30. Rc3 Rxc3 31. Qxc3 Qg3 32. Qd2 Qh2+ 33. Kf1 Bg3 34.
Nf3 Qh1+ 35. Ng1 f5 36. Qe2 f4 37. e4 Bh2 38. Kf2 Bxg1+ 39. Rxg1 Qh2 40. Qf3
Ra8 41. Re1 1/2-1/2

[Event "Doha 2006"]
[Site "Doha"]
[Date "2006.12.06"]
[Round "1"]
[White "(UAE) Hassan Abdullah"]
[Black "(KAZ) Sadvakasov Darmen"]
[Result "0-1"]
[WhiteElo "2311"]
[BlackElo "2596"]
[PlyCount "60"]
[EventDate "2006.??.??"]
[WhiteTeam "United Arab Emirates"]
[BlackTeam "Kazakhstan"]
[WhiteTeamCountry "UAE"]
[BlackTeamCountry "KAZ"]

1. d4 d5 2. Nf3 Nf6 3. c4 e6 4. Nc3 c6 5. e3 a6 6. Qc2 c5 7. Bd3 cxd4 8. Nxd4
Bd6 9. cxd5 exd5 10. O-O O-O 11. h3 Bc7 12. b3 Qd6 13. f4 Nc6 14. Nxc6 bxc6 15.
Na4 Re8 16. Bd2 a5 17. Rfc1 Bd7 18. Nc5 Bb6 19. Nxd7 Qxd7 20. Qxc6 Qa7 21. Qc2
Bxe3+ 22. Kh1 Nh5 23. Bb5 Red8 24. Bc6 Rac8 25. Qc3 Bxf4 26. Bxf4 Nxf4 27. Qd2
Qb8 28. Ba4 Qb4 29. Qe3 Qe4 30. Qg3 Ne2 0-1

[Event "Doha 2006"]
[Site "Doha"]
[Date "2006.12.06"]
[Round "1"]
[White "(KAZ) Aketaeva Dana"]
[Black "(UAE) Saleh Nora Mohd"]
[Result "1-0"]
[WhiteElo "2312"]
[BlackElo "1879"]
[PlyCount "61"]
[EventDate "2006.??.??"]
[WhiteTeam "Kazakhstan"]
[BlackTeam "United Arab Emirates"]
[WhiteTeamCountry "KAZ"]
[BlackTeamCountry "UAE"]

1. e4 e5 2. Nf3 Nc6 3. Bb5 a6 4. Ba4 Nf6 5. Qe2 b5 6. Bb3 Bc5 7. O-O O-O 8. c3
d6 9. Rd1 Qe7 10. h3 Bb7 11. d3 h6 12. Nbd2 Bb6 13. Nf1 Nd8 14. Ng3 Ne6 15. Nf5
Qd7 16. Nh2 Kh7 17. Ng4 Nxg4 18. Qxg4 Rg8 19. Qh5 Rh8 20. Qg4 Rhg8 21. d4 exd4
22. cxd4 Rad8 23. d5 Nf8 24. Bc2 Bc8 25. Qh5 Rh8 26. Bg5 Re8 27. Bf6 Kg8 28.
Nxg7 Rh7 29. Nxe8 Qxe8 30. e5 Ng6 31. e6 1-0

[Event "Doha 2006"]
[Site "Doha"]
[Date "2006.12.06"]
[Round "1"]
[White "(SRI) Russell M K A"]
[Black "(IRI) Ghaem Maghami Ehsan"]
[Result "1/2-1/2"]
[WhiteElo "2234"]
[BlackElo "2581"]
[PlyCount "41"]
[EventDate "2006.??.??"]
[WhiteTeam "Sri Lanka"]
[BlackTeam "Iran"]
[WhiteTeamCountry "SRI"]
[BlackTeamCountry "IRI"]

1. d4 Nf6 2. Nf3 c5 3. d5 b5 4. Bg5 g6 5. Bxf6 exf6 6. a4 b4 7. e3 Bg7 8. Nbd2
O-O 9. Be2 f5 10. Nc4 d6 11. O-O Bb7 12. Qd3 Ba6 13. Qb3 Nd7 14. Rad1 Nf6 15.
Rfe1 Bb7 16. h4 Bxd5 17. Rxd5 Nxd5 18. Rd1 Nb6 19. Nxd6 Qe7 20. a5 Nc8 21. Nxf7
1/2-1/2

[Event "Doha 2006"]
[Site "Doha"]
[Date "2006.12.06"]
[Round "1"]
[White "(IRI) Moradiabadi Elshan"]
[Black "(SRI) Anuruddha G C"]
[Result "1-0"]
[WhiteElo "2539"]
[BlackElo "2204"]
[PlyCount "99"]
[EventDate "2006.??.??"]
[WhiteTeam "Iran"]
[BlackTeam "Sri Lanka"]
[WhiteTeamCountry "IRI"]
[BlackTeamCountry "SRI"]

1. d4 Nf6 2. c4 g6 3. Nf3 Bg7 4. g3 b6 5. Bg2 Bb7 6. O-O O-O 7. Nc3 d6 8. Qc2
c5 9. d5 Na6 10. e4 e5 11. a3 Qd7 12. Rb1 h6 13. b4 cxb4 14. axb4 Rac8 15. Qe2
Ne8 16. Nb5 Ra8 17. Ba3 f5 18. Nh4 Qf7 19. Bh3 Bc8 20. Rbc1 f4 21. Bxc8 f3 22.
Qxf3 Qxf3 23. Nxf3 Rxc8 24. Nh4 Kh7 25. Nxa7 Ra8 26. Nc6 Nf6 27. f3 h5 28. Ng2
Bh6 29. Ra1 Nd7 30. Ne1 Nc7 31. Nd3 Ra4 32. Kf2 Nf6 33. Ke2 h4 34. Bb2 Rxa1 35.
Rxa1 hxg3 36. hxg3 Nh5 37. Kf2 Nf6 38. Ra7 Rf7 39. Kg2 Kg8 40. c5 bxc5 41. bxc5
Be3 42. cxd6 Bxa7 43. dxc7 Rxc7 44. Bxe5 Rf7 45. Bxf6 Rxf6 46. Nxa7 Ra6 47. Nc6
Ra2+ 48. Kh3 Ra3 49. Nde5 Ra1 50. d6 1-0

[Event "Doha 2006"]
[Site "Doha"]
[Date "2006.12.06"]
[Round "1"]
[White "(SRI) Methmali Yasoda"]
[Black "(IRI) Pourkashian Atousa"]
[Result "0-1"]
[WhiteElo "1895"]
[BlackElo "2329"]
[PlyCount "76"]
[EventDate "2006.??.??"]
[WhiteTeam "Sri Lanka"]
[BlackTeam "Iran"]
[WhiteTeamCountry "SRI"]
[BlackTeamCountry "IRI"]

1. e4 c5 2. Nc3 e6 3. Bc4 Nc6 4. Nf3 a6 5. a4 Nf6 6. Qe2 Qc7 7. d3 d6 8. O-O
Be7 9. h3 O-O 10. Bf4 Bd7 11. Bh2 Nd4 12. Nxd4 cxd4 13. Nd1 Qc5 14. Bb3 b5 15.
c3 Rab8 16. cxd4 Qxd4 17. e5 Ne8 18. a5 Qb4 19. Bc2 Rc8 20. b3 d5 21. Ne3 d4
22. Nd1 Nc7 23. f4 Nd5 24. Bg3 Qc5 25. Ra2 Nb4 26. Bb1 Nxa2 27. Qxa2 Qa3 28.
Qxa3 Bxa3 29. Nf2 Rc3 30. Ne4 Rxb3 31. Bf2 Bc6 32. Bxd4 Bxe4 33. dxe4 Rd8 34.
Bc2 Rb4 35. Bb6 Rd2 36. Bb1 Rbb2 37. Bf2 Rxf2 38. Rxf2 Bc5 0-1

[Event "Doha 2006"]
[Site "Doha"]
[Date "2006.12.06"]
[Round "1"]
[White "(UZB) Kasimdzhanov Rustam"]
[Black "(JPN) Nanjo Ryosuke"]
[Result "1-0"]
[WhiteElo "2672"]
[BlackElo "2186"]
[PlyCount "131"]
[EventDate "2006.??.??"]
[WhiteTeam "Uzbekistan"]
[BlackTeam "Japan"]
[WhiteTeamCountry "UZB"]
[BlackTeamCountry "JPN"]

1. d4 Nf6 2. c4 g6 3. Nc3 Bg7 4. e4 d6 5. Nf3 O-O 6. Be2 e5 7. Be3 exd4 8. Nxd4
Re8 9. f3 c6 10. Bf2 Nbd7 11. O-O d5 12. exd5 cxd5 13. Ndb5 Nb6 14. c5 Nc4 15.
Bxc4 dxc4 16. Nd6 Re7 17. Qa4 Be6 18. Rad1 Qd7 19. Nf5 Qxa4 20. Nxe7+ Kf8 21.
Nxg6+ hxg6 22. Nxa4 Nd5 23. Bd4 b5 24. cxb6 Bxd4+ 25. Rxd4 axb6 26. Rxd5 Rxa4
27. Rb5 Rxa2 28. Rxb6 Ra5 29. Rd1 Ke7 30. Kf2 Re5 31. h4 Rh5 32. Rd4 Rc5 33. g4
c3 34. bxc3 Rxc3 35. Kg3 Rc5 36. Kf4 Kf6 37. Re4 Ke7 38. Rb7+ Kf8 39. Ra7 Rb5
40. Re5 Rb6 41. h5 gxh5 42. Rxh5 Kg7 43. Ra4 Rb3 44. Re5 Rb1 45. Rae4 Rb6 46.
Kg3 Kf6 47. f4 Bc8 48. Re8 Bd7 49. Rd8 Be6 50. f5 Ba2 51. Kf4 Bb1 52. Red4 Kg7
53. R8d6 Rb5 54. Kg5 Ba2 55. Ra4 Bb3 56. Ra8 Bd5 57. Rc8 Ba2 58. Rdd8 f6+ 59.
Kh4 Rb7 60. Rc2 Bg8 61. Rdc8 Rb3 62. R2c7+ Kh8 63. Rc3 Rb4 64. Ra3 Rb7 65. Raa8
Rg7 66. Rf8 1-0

[Event "Doha 2006"]
[Site "Doha"]
[Date "2006.12.06"]
[Round "1"]
[White "(JPN) Kojima Shinya"]
[Black "(UZB) Barsov Alexei"]
[Result "0-1"]
[WhiteElo "2187"]
[BlackElo "2541"]
[PlyCount "90"]
[EventDate "2006.??.??"]
[WhiteTeam "Japan"]
[BlackTeam "Uzbekistan"]
[WhiteTeamCountry "JPN"]
[BlackTeamCountry "UZB"]

1. e4 e6 2. d4 d5 3. Nc3 Bb4 4. e5 Ne7 5. a3 Bxc3+ 6. bxc3 c5 7. Qg4 O-O 8. Bd3
f5 9. exf6 Rxf6 10. Bg5 Rf7 11. Qh5 g6 12. Qd1 Nbc6 13. Nf3 c4 14. Be2 Qf8 15.
O-O h6 16. Bc1 Qg7 17. a4 g5 18. Ba3 Bd7 19. Bd6 Nf5 20. Be5 Qf8 21. Qd2 g4 22.
Ne1 Nxe5 23. dxe5 Qg7 24. Qf4 h5 25. g3 Raf8 26. f3 h4 27. Qxg4 hxg3 28. Ng2
gxh2+ 29. Kxh2 Qxg4 30. fxg4 Rh7+ 31. Kg1 Ng3 32. Rxf8+ Kxf8 33. Kf2 Ne4+ 34.
Ke3 Rh3+ 35. Kd4 Nxc3 36. Rf1+ Ke7 37. Bf3 Nxa4 38. Nf4 Rh2 39. g5 Rd2+ 40. Ke3
c3 41. Ne2 Bb5 42. Bh5 d4+ 43. Kf2 Rxc2 44. g6 Bxe2 45. Bxe2 d3 0-1

[Event "Doha 2006"]
[Site "Doha"]
[Date "2006.12.06"]
[Round "1"]
[White "(UZB) Sabirova Olga"]
[Black "(JPN) Nakagwa Emiko"]
[Result "1-0"]
[WhiteElo "2230"]
[BlackElo "1933"]
[PlyCount "99"]
[EventDate "2006.??.??"]
[WhiteTeam "Uzbekistan"]
[BlackTeam "Japan"]
[WhiteTeamCountry "UZB"]
[BlackTeamCountry "JPN"]

1. e4 c6 2. d4 d5 3. f3 e6 4. Nc3 Nf6 5. Bf4 c5 6. Bb5+ Nc6 7. Nge2 a6 8. Bxc6+
bxc6 9. Bg5 Be7 10. dxc5 Nd7 11. Bxe7 Qxe7 12. b4 a5 13. a3 Ba6 14. O-O O-O 15.
Re1 Qf6 16. Qd2 Bxe2 17. Nxe2 axb4 18. exd5 exd5 19. Qxb4 Rfb8 20. Qd4 Rb5 21.
c4 Rxc5 22. cxd5 cxd5 23. Red1 Qxd4+ 24. Rxd4 Nf6 25. a4 h6 26. Ra2 Kf8 27. Kf2
Ke7 28. Ke3 Ra7 29. Rb4 Kd6 30. Nd4 Ke7 31. Nf5+ Kf8 32. Rb8+ Ne8 33. Nd6 Re7+
34. Kd4 Ra5 35. Nxe8 Rxe8 36. Rb5 Rea8 37. Rxa5 Rxa5 38. Kc3 Ke7 39. Kb4 Ra8
40. Kc5 Ra5+ 41. Kb6 Ra8 42. a5 Rb8+ 43. Kc7 Rb3 44. a6 Rc3+ 45. Kb6 Rb3+ 46.
Kc6 Rc3+ 47. Kxd5 Rd3+ 48. Kc4 Rd8 49. a7 Ra8 50. Kc5 1-0

[Event "Doha 2006"]
[Site "Doha"]
[Date "2006.12.06"]
[Round "1"]
[White "(PHI) Laylo Darwin"]
[Black "(VIE) Dao Thien Hai"]
[Result "1/2-1/2"]
[WhiteElo "2448"]
[BlackElo "2557"]
[PlyCount "76"]
[EventDate "2006.??.??"]
[WhiteTeam "Philippinen"]
[BlackTeam "Vietnam"]
[WhiteTeamCountry "PHI"]
[BlackTeamCountry "VIE"]

1. c4 e5 2. g3 g6 3. Bg2 Bg7 4. Nc3 Nc6 5. d3 d6 6. e4 f5 7. Nge2 Nf6 8. O-O
O-O 9. Nd5 Ne7 10. Nxf6+ Bxf6 11. Bh6 Rf7 12. Qd2 Be6 13. Rac1 c6 14. Bg5 Bg7
15. exf5 Bxf5 16. d4 Qf8 17. d5 c5 18. Nc3 Bd7 19. b4 b6 20. Ne4 Nf5 21. Be3
Nxe3 22. fxe3 Rxf1+ 23. Rxf1 Qe7 24. bxc5 bxc5 25. Nxc5 Rc8 26. Nxd7 Qxd7 27.
Qe2 Rf8 28. Rc1 Qa4 29. Bh3 Kh8 30. Rf1 Rxf1+ 31. Bxf1 Bf6 32. Qb2 Qd7 33. Qb8+
Kg7 34. c5 Bg5 35. Qxd6 Bxe3+ 36. Kg2 Qf5 37. Qe7+ Kh6 38. Qh4+ Kg7 1/2-1/2

[Event "Doha 2006"]
[Site "Doha"]
[Date "2006.12.06"]
[Round "1"]
[White "(VIE) Nguyen Anh Dung"]
[Black "(PHI) Dableo Ronald"]
[Result "1-0"]
[WhiteElo "2541"]
[BlackElo "2425"]
[PlyCount "101"]
[EventDate "2006.??.??"]
[WhiteTeam "Vietnam"]
[BlackTeam "Philippinen"]
[WhiteTeamCountry "VIE"]
[BlackTeamCountry "PHI"]

1. e4 c6 2. d4 d5 3. f3 dxe4 4. fxe4 e5 5. Nf3 Bg4 6. Bc4 Nd7 7. O-O Ngf6 8. c3
b5 9. Bb3 Bd6 10. Bg5 O-O 11. Nbd2 h6 12. Bh4 g5 13. Bf2 Bh5 14. Qc2 Ng4 15. a4
a6 16. h3 Nxf2 17. Rxf2 c5 18. Bd5 Rb8 19. axb5 axb5 20. Nf1 exd4 21. cxd4 Bxf3
22. Rxf3 cxd4 23. Qf2 Ne5 24. Rf6 Rb6 25. Rxh6 Bc7 26. Ra6 Rxh6 27. Rxh6 Kg7
28. Ra6 Bb6 29. Ng3 Qc7 30. Nh5+ Kh6 31. Qf6+ Kxh5 32. Rxb6 Qc1+ 33. Kh2 Ng6
34. Qxd4 Qf4+ 35. g3 Qf1 36. Rf6 Qe2+ 37. Rf2 Qe1 38. Bxf7 Kh6 39. Qf6 Qxe4 40.
b4 Qd3 41. Ra2 Rc8 42. Bxg6 Qxg6 43. Ra6 Rc2+ 44. Kg1 Qxf6 45. Rxf6+ Kh5 46.
Rf5 Rc1+ 47. Kf2 Rc2+ 48. Kf1 Rc1+ 49. Ke2 Rc3 50. h4 Rxg3 51. Rxg5+ 1-0

[Event "Doha 2006"]
[Site "Doha"]
[Date "2006.12.06"]
[Round "1"]
[White "(INA) Adianto Utut"]
[Black "(NEP) Shrest  Bilam Lal"]
[Result "1-0"]
[WhiteElo "2589"]
[BlackElo "2104"]
[PlyCount "65"]
[EventDate "2006.??.??"]
[WhiteTeam "Indonesien"]
[BlackTeam "Nepal"]
[WhiteTeamCountry "INA"]
[BlackTeamCountry "NEP"]

1. d4 d5 2. c4 e6 3. Nf3 Nf6 4. g3 Be7 5. Bg2 c6 6. O-O Nbd7 7. Qc2 O-O 8. Nbd2
Re8 9. e4 dxe4 10. Nxe4 Nxe4 11. Qxe4 Nf8 12. h4 Bf6 13. Bg5 Bxg5 14. hxg5 Bd7
15. Rfe1 Qe7 16. Rad1 Rad8 17. Qe3 Bc8 18. Ne5 Ng6 19. Nxg6 hxg6 20. Bf3 Qc7
21. Kg2 b6 22. Qe4 c5 23. Rh1 Rxd4 24. Rxd4 cxd4 25. Qh4 Kf8 26. Qh8+ Ke7 27.
Qxg7 Qc5 28. Qf6+ Kd7 29. Qxf7+ Re7 30. Qxg6 Qxc4 31. Qf6 Qc5 32. g6 Qf5 33.
Qxd4+ 1-0

[Event "Doha 2006"]
[Site "Doha"]
[Date "2006.12.06"]
[Round "1"]
[White "(NEP) Surbir Lama"]
[Black "(INA) Megaranto Susanto"]
[Result "0-1"]
[WhiteElo "2095"]
[BlackElo "2492"]
[PlyCount "132"]
[EventDate "2006.??.??"]
[WhiteTeam "Nepal"]
[BlackTeam "Indonesien"]
[WhiteTeamCountry "NEP"]
[BlackTeamCountry "INA"]

1. d4 d5 2. c4 dxc4 3. Nf3 Nf6 4. Nc3 c6 5. e4 b5 6. a3 e6 7. Bg5 Nbd7 8. e5 h6
9. Bh4 g5 10. Nxg5 hxg5 11. Bxg5 Qb6 12. exf6 Bb7 13. g3 O-O-O 14. Bg2 Bh6 15.
Bxh6 Rxh6 16. Qd2 Rg6 17. O-O-O Nxf6 18. Qf4 Qc7 19. Qxc7+ Kxc7 20. h4 a5 21.
Bf3 b4 22. Ne2 Ba6 23. h5 Rgg8 24. axb4 axb4 25. Kc2 Bb5 26. Ra1 Kb6 27. Rhg1
Nh7 28. g4 Ng5 29. Bg2 c3 30. Nxc3 bxc3 31. bxc3 Nh7 32. Bf1 Bxf1 33. Raxf1 f5
34. gxf5 exf5 35. Rg6 Rxg6 36. hxg6 Nf6 37. Kd3 Kc7 38. Re1 Rg8 39. Re5 Rxg6
40. Rxf5 Kd6 41. c4 Nd7 42. Kc3 Rg1 43. Kd3 Ra1 44. Rh5 Ra3+ 45. Kd2 Rf3 46.
Ke2 Rc3 47. Rh6+ Kc7 48. c5 Rc1 49. Rd6 Nb6 50. Rh6 Nd5 51. Rh7+ Kd8 52. Rh6
Kd7 53. Rd6+ Kc7 54. Rh6 Rc2+ 55. Kf3 Rd2 56. Rh4 Kd7 57. Re4 Nf6 58. Rf4 Ke6
59. Kg2 Nd5 60. Re4+ Kf5 61. Re5+ Kg4 62. Kf1 Nf4 63. Ke1 Rxd4 64. Re8 Rd5 65.
Rc8 Kf3 66. Rxc6 Ng2+ 0-1

[Event "Doha 2006"]
[Site "Doha"]
[Date "2006.12.06"]
[Round "1"]
[White "(BRN) Ayyad Maher"]
[Black "(BAN) Hossain Enamul"]
[Result "1/2-1/2"]
[WhiteElo "2137"]
[BlackElo "2503"]
[PlyCount "128"]
[EventDate "2006.??.??"]
[WhiteTeam "BRN"]
[BlackTeam "Bangladesch"]
[BlackTeamCountry "BAN"]

1. d4 Nf6 2. Nf3 c5 3. e3 g6 4. Be2 Bg7 5. O-O O-O 6. c4 cxd4 7. exd4 d5 8. Nc3
Nc6 9. Ne5 dxc4 10. Nxc6 bxc6 11. Bxc4 Qd6 12. h3 Rd8 13. Be3 Nd5 14. Nxd5 cxd5
15. Bb3 a5 16. Qd2 a4 17. Bc2 e6 18. b3 Bd7 19. bxa4 Bxa4 20. Bb3 h5 21. Rac1
Bxb3 22. axb3 Qb6 23. Rb1 Rdc8 24. Qb2 Qb4 25. Rfc1 Bf6 26. Ra1 Rxa1 27. Rxa1
Rb8 28. Rb1 Rc8 29. Ra1 Qb5 30. Rc1 Rb8 31. Rb1 Qd3 32. b4 Qb5 33. Qc3 Qa6 34.
Qc7 Qb5 35. Qc3 Kg7 36. Qc7 Ra8 37. Qc5 Qd3 38. Qc1 Bxd4 39. Bxd4+ Qxd4 40. b5
Ra2 41. Qe1 Rb2 42. Rxb2 Qxb2 43. Qa5 d4 44. Qd8 Qb1+ 45. Kh2 Qxb5 46. Qxd4+ e5
47. Qe4 f5 48. Qc2 Qb6 49. Qc3 Qd4 50. Qc7+ Kf6 51. Qc6+ Kg5 52. f3 h4 53. Qe6
Qc5 54. Qd7 Qb6 55. Qd2+ Kh5 56. Qe2 Qd4 57. f4+ Kh6 58. fxe5 Kg7 59. Qb5 Qe3
60. Qd7+ Kh6 61. Qe7 Qg3+ 62. Kh1 Kh5 63. Qf6 Qe1+ 64. Kh2 Qg3+ 1/2-1/2

[Event "Doha 2006"]
[Site "Doha"]
[Date "2006.12.06"]
[Round "1"]
[White "(BAN) Reefat Bin-Sattar"]
[Black "(BRN) Ayyad Husain Abdulj"]
[Result "1-0"]
[WhiteElo "2489"]
[BlackElo "2003"]
[PlyCount "73"]
[EventDate "2006.??.??"]
[WhiteTeam "Bangladesch"]
[BlackTeam "BRN"]
[WhiteTeamCountry "BAN"]

1. e4 e5 2. Nf3 Nc6 3. Bc4 Nf6 4. d3 Be7 5. O-O O-O 6. Re1 d6 7. a4 Bg4 8. h3
Bh5 9. c3 Qd7 10. Nbd2 Rad8 11. a5 a6 12. Nf1 Rfe8 13. Ng3 Bg6 14. Qb3 Nh5 15.
Nf5 Bf8 16. N5h4 Nf4 17. Bxf4 exf4 18. Nxg6 hxg6 19. d4 Rb8 20. e5 dxe5 21.
dxe5 Qe7 22. Qc2 b5 23. axb6 Rxb6 24. e6 f5 25. Rad1 Qc5 26. Qe2 Be7 27. Rd5
Rxb2 28. Rxc5 Rxe2 29. Rxc6 Rc2 30. Bd3 Rb2 31. Rxc7 a5 32. Ra1 Bf6 33. Rxa5
Kh7 34. h4 Kh6 35. e7 Rxe7 36. Ra8 Kh7 37. Rcc8 1-0

[Event "Doha 2006"]
[Site "Doha"]
[Date "2006.12.06"]
[Round "1"]
[White "(TKM) Amanov Mesgen"]
[Black "(PLE) Tamra Attallah"]
[Result "1-0"]
[WhiteElo "2339"]
[BlackElo "2102"]
[PlyCount "99"]
[EventDate "2006.??.??"]
[WhiteTeam "Turkmenistan"]
[BlackTeam "Palästina"]
[WhiteTeamCountry "TKM"]
[BlackTeamCountry "PLE"]

1. d4 Nf6 2. Nf3 g6 3. Bg5 Bg7 4. c3 O-O 5. Nbd2 d5 6. e3 Nbd7 7. b4 c6 8. Be2
Re8 9. O-O e5 10. Nb3 h6 11. Bh4 g5 12. Bg3 Ne4 13. Rc1 Nxg3 14. hxg3 exd4 15.
cxd4 Qb6 16. a3 Nf8 17. Qc2 Bg4 18. Bd3 Bh5 19. Rfe1 Rad8 20. Nh2 Bg6 21. g4
Re7 22. Nf1 Rde8 23. Ng3 Qd8 24. Bf5 Qd6 25. Qd3 Nd7 26. b5 cxb5 27. Qxb5 Nb6
28. Qc5 Qxc5 29. Rxc5 Rd8 30. Rec1 Nc4 31. Na5 Nxa5 32. Rxa5 b6 33. Rb5 Bf8 34.
a4 Bxf5 35. Nxf5 Red7 36. Rc6 Kh7 37. g3 Re8 38. Kg2 Re6 39. Rc8 Be7 40. a5
bxa5 41. Rxa5 Bd8 42. Rac5 Bb6 43. Rc1 a5 44. Ra8 Rc7 45. Rb1 Ba7 46. Rb5 Ra6
47. Rxd5 Kg6 48. Rh8 f6 49. Rdd8 Rc3 50. Rhg8+ 1-0